I primi due secoli della storia di Firenze / (Record no. 167599)

MARC details
000 -LEADER
campo de control de longitud fija 00619nam a22001695i 4500
001 - NÚMERO DE CONTROL
campo de control 167599
003 - IDENTIFICADOR DE NÚMERO DE CONTROL
campo de control ES-MaACL
005 - FECHA Y HORA DE LA ÚLTIMA TRANSACCIÓN
campo de control 20230906213547.0
008 - DATOS DE LONGITUD FIJA--INFORMACIÓN GENERAL
campo de control de longitud fija 050927s1894 it | |||||||| ||ita d
040 ## - FUENTE DE CATALOGACIÓN
Centro catalogador/agencia de origen CAM
Lengua de catalogación spa
Centro/agencia transcriptor CAM
100 1# - ENTRADA PRINCIPAL--NOMBRE DE PERSONA
Nombre de persona Villari, Pasquale.
9 (RLIN) 115122
245 12 - MENCIÓN DEL TÍTULO
Título I primi due secoli della storia di Firenze /
Mención de responsabilidad, etc. ricerche di Pasquale Villari.
260 ## - PUBLICACIÓN, DISTRIBUCIÓN, ETC.
Lugar de publicación, distribución, etc. Firenze :
Nombre del editor, distribuidor, etc. G.C. Sansoni editore,
Fecha de publicación, distribución, etc. 1894 (
Fabricante Tip. di G. Carnesecchi e figli)
300 ## - DESCRIPCIÓN FÍSICA
Extensión 2 v. ;
Dimensiones 22 cm.
651 #4 - PUNTO DE ACCESO ADICIONAL DE MATERIA--NOMBRE GEOGRÁFICO
Nombre geográfico Florencia-
Subdivisión general Historia.
9 (RLIN) 137161
852 ## - LOCALIZACIÓN
Ubicación ES-MaACL
Número de control de estantería G-2711
Nota libre -- Enc. hol. conservando la cub. original
condición física -- Sólo t.II (269 p.)
Holdings
Estatus retirado Estado de pérdida Estado de daño No para préstamo Colección Biblioteca de origen Biblioteca actual Ubicación en estantería Fecha de adquisición Fuente de adquisición Total de préstamos Signatura topográfica completa Código de barras Visto por última vez Precio de reemplazo Tipo de ítem Koha
        Libros del s. XIX Biblioteca del Ateneo de Madrid Biblioteca del Ateneo de Madrid Depósito 2 17/01/2008     G-2711 1175830 23/02/2023 23/02/2023 Libro impreso antiguo